| 000 | 00560nam a2200193Ia 4500 | ||
|---|---|---|---|
| 008 | 101110s9999 xx 000 0 und d | ||
| 041 | _aENGLISH | ||
| 082 |
_bSR13760 _a658.04 |
||
| 100 | _aSengupta N.K. | ||
| 245 | _aChanging Patterns of Co-operation Management (2nd rev.ed.) | ||
| 365 | _b45 | ||
| 520 | _aCommerce | ||
| 546 | _aENGLISH | ||
| 630 | _aChanging Patterns of Co-operation Management (2nd rev.ed.) | ||
| 650 | _aCommerce | ||
| 655 | _aCommerce | ||
| 730 | _aChanging Patterns of Co-operation Management (2nd rev.ed.) | ||
| 942 | _cBOOK | ||
| 999 |
_c807904 _d807901 |
||